000 00470nam a2200181Ia 4500
001 43888
008 140425s9999 xx 000 0 und d
020 _aNA
040 _cPK-LaUMT
082 _aRHC 321.8
_bFAT-G
100 _aFatak Aziz Ch.
245 _aJumhooriyyat numaaindagi aur nizaam-e-intikhaab (Urdu)
_cFatak Aziz Ch.
260 _aMultan,Pakistan:
_bNighran Friends Publications,
_c1968
300 _a112 p.
546 _aUR
650 _a,
942 _cBK
999 _c41888
_d41888